Online
Catalog

Qué ha dicho verdaderamente : (Record no. 14228)

MARC details
000 -CABECERA
campo de control de longitud fija 00963nam a2200277 a 4500
001 - NÚMERO DE CONTROL
campo de control 000014644
005 - FECHA Y HORA DE LA ÚLTIMA TRANSACCIÓN
campo de control 20200929163858.0
008 - DATOS DE LONGITUD FIJA--INFORMACIÓN GENERAL
campo de control de longitud fija 100116s1972 sp 000 0 spa d
040 ## - FUENTE DE LA CATALOGACIÓN
Centro catalogador/agencia de origen DO-SdBNP
Lengua de catalogación spa
Centro/agencia transcriptor BNPHU
041 17 - CÓDIGO DE LENGUA
Código de lengua del texto/banda sonora o título independiente spa
Código de lengua original eng
Fuente del código Código de idioma MARC
082 ## - NÚMERO DE LA CLASIFICACIÓN DECIMAL DEWEY
Número de clasificación 891.623
Número de documento/Ítem C672q
049 ## - FONDOS LOCALES (OCLC)
Fondos de biblioteca BNGR
100 1# - ENTRADA PRINCIPAL--NOMBRE DE PERSONA
Nombre de persona Coe, R. N.,
Fechas asociadas al nombre 1923-1987
9 (RLIN) 33184
240 10 - TÍTULO UNIFORME
Título uniforme Beckett.
Lenguaje de la obra Español
245 10 - MENCIÓN DE TÍTULO
Título Qué ha dicho verdaderamente :
Resto del título Beckett /
Mención de responsabilidad, etc. R. N. Coe ; traducción de María Esther Benítez.
260 ## - PUBLICACIÓN, DISTRIBUCIÓN, ETC.
Lugar de publicación, distribución, etc. Madrid :
Nombre del editor, distribuidor, etc. Doncel,
Fecha de publicación, distribución, etc. 1972.
300 ## - DESCRIPCIÓN FÍSICA
Extensión 161, [6] p. ;
Dimensiones 18 cm.
490 1# - MENCIÓN DE SERIE
Mención de serie Qué ha dicho verdaderamente
Designación de volumen o secuencia 20
534 ## - NOTA SOBRE LA VERSIÓN ORIGINAL
Frase introductoria Título original en inglés:
Mención de título del original Beckett
600 10 - PUNTO DE ACCESO ADICIONAL DE MATERIA--NOMBRE DE PERSONA
Nombre de persona BECKETT, SAMUEL,
Fechas asociadas al nombre 1906-1989
Subdivisión general CRÍTICA E INTERPRETACIÓN
9 (RLIN) 33185
650 #4 - PUNTO DE ACCESO ADICIONAL DE MATERIA--TÉRMINO DE MATERIA
Término de materia o nombre geográfico como elemento de entrada Novela irlandesa
9 (RLIN) 11511
650 #4 - PUNTO DE ACCESO ADICIONAL DE MATERIA--TÉRMINO DE MATERIA
Término de materia o nombre geográfico como elemento de entrada Literatura irlandesa
9 (RLIN) 11512
700 1# - PUNTO DE ACCESO ADICIONAL--NOMBRE DE PERSONA
Nombre de persona Benítez, María Esther,
Término indicativo de función/relación tr.
9 (RLIN) 33186
830 #0 - PUNTO DE ACCESO ADICIONAL DE SERIE-TÍTULO UNIFORME
Título uniforme Qué ha dicho verdaderamente ;
Designación de volumen o secuencia 20
9 (RLIN) 33187
910 ## - DATOS DE OPCIÓN DEL USUARIO (OCLC)
Datos de opción del usuario WM
Holdings
Estado de retiro Estado de pérdida Restricciones de uso No para préstamo Código de colección Localización permanente Ubicación/localización actual Ubicación en estantería Fecha de adquisición Número de inventario Total de préstamos Signatura topográfica completa Código de barras Fecha visto por última vez Precio válido a partir de Tipo de ítem Koha Número de copia
        Monografías: Libros y Folletos General General Depósito 16.01.2010 LF1   891.623 C672q 14644-10 25.06.2020 25.06.2020 Préstamo en sala  
    Préstamo interno Préstamo restrigido Monografías: Libros y Folletos General General En catalogación 16.01.2010 LF1   891.623 C672q 14644-20 25.06.2020 25.06.2020 Préstamo interno e. 2

Powered by Koha